| 000 | 01016cam a22001934a 4500 | ||
|---|---|---|---|
| 005 | 20250605164118.0 | ||
| 008 | 250528s ||||||||||||||||||||||||d | ||
| 035 | _a18160 | ||
| 020 | _a39439026 | ||
| 040 |
_aGR-AtMCL _bgre _dGR-AtMCL _eAACR2 |
||
| 245 | 1 | _aRPG II and RPG III Programming | |
| 260 |
_bMcgraw Hill Mitchell, _c1986 |
||
| 300 | _a398 | ||
| 520 | _aA comprehensive presentation of RPG II and RPG III. Preface, RPG Preliminaries, Generating Reports, A First Program, Record and Fields, Editing and Headings, Calculations, Move and Divide and Edit Codes, Advanced Report Writing, Final Totals and RPG Program Logic Style, Final Totals and RPG Program Logic Cycle, Record Identification Codes and Comparing, Programming Techniques, Multiple Input Records and Loops, More on Totals, Input Validating, Tables, Arrays, Sequential File Maintenance, Indexed Sequential Processing, Appendix, Glossary, Index. | ||
| 700 | 1 |
_aTassel Van Dennie _94450 |
|
| 942 | _cBK | ||
| 999 |
_c3540 _d3540 |
||